000 005920000a22001810004500
003 MACL
005 20160224135137.0
008 160224b xxu||||| |||| 00| 0 eng d
040 _aMACL
_cMACL
041 _aHindi
082 _a800
100 _aवासुदेवशरण अग्रवाल
_939790
245 _aहर्षचरित एकसांस्‍कृतिकअध्‍ययन
260 _bबिहार राष्‍ट्रभाषा परिषद
_c1953
_aपटना
350 _a9
650 _aLiteracture
_939932
942 _cHIN
_k800
_2ddc
999 _c23723
_d23723